000 00541nam a2200169Ia 4500
008 090711s9999 xx 000 0 und d
082 _b25802
100 _aकालेलकर मधुसूदन
245 _aही वाट दूर जाते
260 _c1972
300 _a89
600 _aकालेलकर मधुसूदन
630 _aही वाट दूर जाते
700 _aकालेलकर मधुसूदन
730 _aही वाट दूर जाते
942 _cBOOK
999 _c305670
_d305670